Sports Quiz

Random Sports or Basketball Quiz

Top Rebounder by NBA Championship Team Quiz Stats

 Plays Quiz Updated Jun 9, 2018

Score 0/69 Timer 07:00
9 Plays Today
Season Player % Correct
1999-99Tim Duncan
96.9%
2002-03Tim Duncan
96.9%
2004-05Tim Duncan
96.9%
2006-07Tim Duncan
96.9%
2013-14Tim Duncan
96.7%
1999-00Shaquille O'Neal
96.6%
2000-01Shaquille O'Neal
96.6%
2001-02Shaquille O'Neal
96.6%
2011-12LeBron James
95.3%
2012-13LeBron James
95.3%
2017-18Draymond Green
93.3%
2016-17Draymond Green
92.8%
1989-90Dennis Rodman
92.8%
1995-96Dennis Rodman
92.8%
1996-97Dennis Rodman
92.8%
1997-98Dennis Rodman
92.8%
2014-15Draymond Green
90.9%
1956-57Bill Russell
90.7%
1958-59Bill Russell
90.7%
1959-60Bill Russell
90.7%
1960-61Bill Russell
90.7%
1961-62Bill Russell
90.7%
1962-63Bill Russell
90.7%
1963-64Bill Russell
90.7%
1964-65Bill Russell
90.7%
1965-66Bill Russell
90.7%
1967-68Bill Russell
90.7%
1968-69Bill Russell
90.7%
1993-94Hakeem Olajuwon
89.7%
1994-95Hakeem Olajuwon
89.7%
1966-67Wilt Chamberlain
89%
1971-72Wilt Chamberlain
89%
1970-71Kareem Abdul-Jabbar
88.8%
1979-80Kareem Abdul-Jabbar
88.8%
1984-85Kareem Abdul-Jabbar
88.8%
Season Player % Correct
2007-08Kevin Garnett
87.9%
2008-09Pau Gasol
87%
2003-04Ben Wallace
86.4%
2015-16Kevin Love
82.8%
1986-87A.C. Green
79.7%
1987-88A.C. Green
79.7%
1980-81Larry Bird
77.6%
1985-86Larry Bird
77.6%
1982-83Moses Malone
70.5%
1981-82Magic Johnson
70.5%
1983-84Robert Parish
70.2%
2010-11Tyson Chandler
68.2%
1990-91Horace Grant
65.7%
1991-92Horace Grant
65.7%
1992-93Horace Grant
65.7%
1976-77Bill Walton
63.5%
1988-89Bill Laimbeer
60.7%
2018-19Serge Ibaka
60.6%
2005-06Udonis Haslem
60.4%
1969-70Willis Reed
58.7%
1951-52George Mikan
56.7%
1952-53George Mikan
56.7%
1953-54George Mikan
56.7%
2009-10Lamar Odom
51.6%
1957-58Bob Pettit
50.4%
1977-78Elvin Hayes
39.8%
1973-74Dave Cowens
37.4%
1975-76Dave Cowens
37.4%
1954-55Dolph Schayes
25.8%
1978-79Jack Sikma
22.1%
1972-73Dave DeBusschere
21%
1955-56Neil Johnston
7.2%
1974-75Clifford Ray
4.5%
1950-51Arnie Risen
1.9%

You're not logged in!

Compare scores with friends on all Sporcle quizzes.
OR
Log In

Sporcle TV

Today on Sporcle TV


Watch our educational content, quiz creation guides, and fun videos on Sporcle TV.

Show Comments

Extras

Top Quizzes Today


Score Distribution

Your Account Isn't Verified!

In order to create a playlist on Sporcle, you need to verify the email address you used during registration. Go to your Sporcle Settings to finish the process.

Report this User

Report this user for behavior that violates our Community Guidelines.

Details: